Представление документа в формате RUSMARC

ПолеНазваниеЗначение
  Тип записи a
  Библиографический уровень m
001 Контрольный номер RU/CBS_UL/BASE/18313fc40e304702b2096e06df5225ad
005 Дата корректировки 20251126165231.0
010 Индекс ISBN __
d Цена 1 р. 60 к.
9 Тираж экз.
b Уточнения в пер.
a ISBN
100 Данные общей обработки __
a Данные общей обработки 20251126d 0rusy0189## ca
101 Язык документа 0_
a Язык текста rus
102 Страна публикации __
a Страна публикации RU
200 Заглавие и сведения об ответственности 1_
a Заглавие Два друга
e Сведения, относящиеся к заглавию роман
f Первые сведения об ответственности Е. В. Рочев
g Последующие сведения об ответственности пер. с коми А. Дмитриевой и авт.
210 Выходные данные 1_
a Место издания Москва
c Издательство Современник
d Дата издания 1983
215 Физическое описание __
a Объем 382 с.
d Формат см.
300 Общие примечания __
a Общие примечания 16+
606 Тематические рубрики 0_
a Основная рубрика Коми литература, 20-21 вв. - Проза
610 Ключевые слова 0_
a Ключевые слова классическая литература; становление Советской власти на севере; классовое самосознание жителей; крестьянство в Коми крае; судьбы людей; дети в Коми АССР
686 Индексы других классификаций __
2 Код системы rubbk
a Классификационный индекс 84(2Рос=Ком)
700 Автор _1
a Фамилия Рочев
b Имя (инициалы) Е. В.
g Полное личное имя Егор Васильевич
801 Источник записи _0
a Страна RU
b Организация МБУК ЦБС г. Ульяновска
c Дата составления 20251126
g Правила каталогизации RCR
801 Источник записи _1
a Страна RU
b Организация МБУК ЦБС г. Ульяновска
c Дата составления 20251126
g Правила каталогизации RCR
852 Данные о местонахождении __
i Авторский знак Р 80
j Шифр хранения Р6=Коми
901 Тип документа __
t Тип документа m
909 Создатель записи __
a Создатель записи obr2
b Дата создания записи 20251126